000
00236nam a22001097a 4500
008
170113b xxu||||| |||| 00| 0 eng d
020
_a
0916730417
041
_a
eng
080
_a
618.2
245
_a
PRACTICES
_c
WEST, R.S
942
_2
udc
_c
BK
999
_c
2893
_d
2893